000 00543nam a2200217 a 4500
001 1951919
005 20180212031640.0
008 870921s1988 ohua b 001 0 eng
010 _a 87061229
020 _a0538073403
040 _aDLC
_cDLC
_dDLC
041 _aeng
080 _a658.4 ROB
082 0 0 _a658.4 ROB
_219
100 1 _a54
101 _aMAN
245 1 0 _aManagement /
_cRobert Albanese.
504 _aIncludes bibliographies and indexes.
906 _a7
_bcbc
_corignew
_d2
_eopcn
_f19
_gy-gencatlg
942 _2ddc
_cBK
999 _c42275
_d42275